000 02019cam a22004457a 4500
999 _c530088
_d530088
001 14173088
003 NUST
005 20191009121444.0
008 051118s2005 dcua b 000 0 eng d
010 _a 2005937608
020 _a0309097614 (pbk.)
035 _a(OCoLC)ocm64432704
038 _aMSOHAIL
040 _aOSU
_cOSU
_dDAY
_dIQU
_dEEM
_dDLC
042 _alccopycat
050 0 0 _aTG315
_b.C658 2005
050 1 4 _aTE7
_b.N33 no. 354
082 0 0 _a624.20288
_222
100 1 _aConner, Robert J.
_923403
245 1 0 _aInspection and management of bridges with fracture-critical details :
_ba synthesis of highway practice /
_cRobert J. Conner, Robert Dexter, and Hussam Mahmoud.
260 _aWashington, D.C. :
_bTransportation Research Board,
_c2005.
300 _a75 p. :
_bill. ;
_c28 cm.
490 1 _aNCHRP synthesis,
_x0547-5570 ;
_v354
500 _aAt head of title: National Cooperative Highway Research Program.
500 _a"Research sponsored by the American Association of State Highway and Transportation Officials in cooperation with the Federal Highway Administration."
504 _aIncludes bibliographical references (p. 37-38).
650 0 _aBridges
_xMaintenance and repair.
_9802
650 0 _aConcrete bridges
_xMaintenance and repair.
_923404
700 1 _aDexter, Robert J.
_q(Robert Joseph),
_d1956-
_923405
700 1 _aMahmoud, Hussam.
_923406
710 2 _aNational Cooperative Highway Research Program.
_920864
710 2 _aAmerican Association of State Highway and Transportation Officials.
_919553
710 2 _aNational Research Council (U.S.).
_bTransportation Research Board.
_923407
830 0 _aSynthesis of highway practice ;
_v354.
_923408
856 4 1 _uhttp://onlinepubs.trb.org/onlinepubs/nchrp/nchrp%5Fsyn%5F354.pdf
_zonline version
906 _a7
_bcbc
_ccopycat
_d2
_eepcn
_f20
_gy-gencatlg
942 _2ddc
_cBK